[Event "Luxembourg-chT 1314"]
[Site "Luxembourg"]
[Date "2014.02.02"]
[Round "6"]
[White "Christoffel, Ady"]
[Black "Daubenfeld, Gilles"]
[Result "1/2-1/2"]
[WhiteElo "1759"]
[BlackElo "2179"]
[PlyCount "77"]
[EventDate "2013.10.05"]
[EventType "team-tourn"]
[EventRounds "10"]
[EventCountry "LUX"]
[SourceTitle "EXT 2017"]
[Source "ChessBase"]
[SourceDate "2016.10.25"]
[SourceVersion "1"]
[SourceVersionDate "2016.10.25"]
[SourceQuality "1"]

1. c4 e5 2. g3 Nc6 3. Bg2 g6 4. d3 Bg7 5. Nc3 d6 6. Nf3 Nf6 7. 0-0 0-0 8. Rb1 a5 9. a3 h6 10. Bd2 Be6 11. Qc1 Kh7 12. Nb5 Ne7 13. b4 axb4 14. axb4 Qd7 15. Qb2 Nh5 16. Bc3 f5 17. Ra1 Rae8 18. Ra7 c6 19. Na3 Nc8 20. Ra5 Bf6 21. Nc2 Bd8 22. Ra3 e4 23. dxe4 fxe4 24. Nd2 Bh3 25. Ne3 Bxg2 26. Kxg2 Bg5 27. Bd4 Rf7 28. Qc2 d5 29. cxd5 cxd5 30. Qa2 Ref8 31. h3 Ne7 32. Ng4 Nc6 33. Ne5 Nxe5 34. Bxe5 Qb5 35. e3 Qxb4 36. Rb3 Qe7 37. Bd4 Bf6 38. Qa7 Bg7 39. Bc5 1/2-1/2